Les pokemons les plus lourds - Statistiques

Statistiques générales
  • Ce quiz a été pris 32 fois
  • Le résultat moyen est 21 sur 71
Statistiques - réponses
Poids Réponse % Correct
0797 999,9 kg Bamboiselle
72%
0483 683 kg Dialga
72%
0383 950 kg Groudon
72%
0484 336 kg Palkia
72%
0383 999,7 kg Primo-Groudon
72%
0790 999,9 kg Cosmovum
67%
0493 320 kg Arceus
61%
0306 360 kg Galeking
61%
0382 352 kg Kyogre
61%
0306 395 kg Méga-Galeking
61%
0384 392 kg Méga-Rayquaza
61%
0208 740 kg Méga-Steelix
61%
0382 430 kg Primo-Kyogre
61%
0143 460 kg Ronflex
61%
0208 400 kg Steelix
61%
0321 398 kg Wailord
61%
0799 888 kg Engloutyran
56%
0890 950 kg Ethernatos
56%
0644 345 kg Zekrom
56%
0805 820 kg Ama-Ama
50%
0750 920 kg Bourrinos
50%
0376 942,9 kg Méga-Métalosse
50%
0376 550 kg Métalosse
50%
0486 420 kg Regigigas
50%
0643 330 kg Reshiram
44%
0485 430 kg Heatran
39%
0389 310 kg Torterra
39%
0646 325 kg Kyurem
33%
0130 305 kg Méga-Léviator
33%
0718 610 kg Méga-Zygarde
33%
0076 300 kg Grolem
28%
0794 333,6 kg Mouscoto
28%
0476 340 kg Tarinorme
28%
0995 303 kg Epine-de-fer
22%
0984 320 kg Fort-Ivoire
22%
0623 330 kg Golemastoc
22%
0998 315 kg Méga-Glaivodo
22%
0809 800 kg Melmetal
22%
0839 310,5 kg Monthracite
17%
0992 380,7 kg Paume-de-fer
17%
0975 700 kg Balbalèze
11%
0483 850 kg DialgaForme Originelle
11%
1003 699,7 kg Dinglu
11%
1020 590 kg Feu-Perçant
11%
0487 650 kg Giratina Forme Originelle
11%
0450 300 kg Hippodocus
11%
1021 480 kg Ire-Foudre
11%
0362 350,2 kg Méga-Oniglali
11%
0103 415,6 kg NoadkokoForme d'Alola
11%
0484 660 kg Palkia Forme Originelle
11%
1005 380 kg Rugit-Lune
11%
0713 505 kg Séracrawl
11%
0896 800 kg Blizzeval
6%
0911 326,5 kg Flâmigator
6%
0323 320,5 kg Méga-Camérupt
6%
0706 334,1 kg MuplodocusForme de Hisui
6%
0879 650 kg Pachyradjah
6%
0718 305 kg ZygardeForme 50%
6%
0874 520 kg Dolman
0%
0968 310 kg Ferdeter
0%
0487 750 kg GiratinaForme Alternative
0%
0076 316 kg GrolemForme d'Alola
0%
0720 490 kg Hoopa Déchaîné
0%
1007 303 kg KoraidonForme Finale
0%
0800 350 kg Necrozma Ailes de l'Aurore
0%
0800 460 kg NecrozmaCrinière du Couchant
0%
0898 809,1 kg SylveroyCavalier du Froid
0%
0901 333 kg UrsakingLune Vermeille
0%
0888 355 kg ZacianEpée Suprême
0%
0889 785 kg ZamazentaBouclier Suprême
0%
0718 610 kg Zygarde Forme Parfaite
0%
Aucun quiz correspondant
Distribution des résultats
% des personnes avec chaque résultat
Percentile par nombre de réponses
Votre historique - résultats
Vous n’avez pas pris ce quiz